000 00587nam a2200229 i 4500
001 C2-0228061
003 PPAK
005 20180728155307.0
008 000802s1973 enk |||| ||||| | eng d
040 _aPPAK
_beng
_cPPAK
_erda
082 0 4 _a823.3
_223
090 0 0 _a823.3
_bMIN
_dKSI
100 1 _aMinahan, John,
_eauthor
245 1 0 _aJeremy
264 1 _aGreat Britain :
_bCorgi Books ,
_c1973
300 _a144 pages ;
_c18 cm
336 _2rdacontent
_atext
337 _2rdamedia
_aunmediated
338 _2rdacarrier
_avolume
650 1 0 _aEnglish fiction
942 _ddc
_cB
999 _c148017
_d148017